Los dados de Eros: antología de poesía erótica griega

Saved in:
Bibliografiske detaljer
Hovedforfatter: Luque, Aurora (autora)
Format: Bog
Sprog:Oldgræsk
spansk
Udgivet: Madrid Ediciones Hiperión 2011
Udgivelse:3a. ed
Serier:Poesía Hiperión, 386
Fag:
Tags: Tilføj Tag
Ingen Tags, Vær først til at tagge denne postø!

MARC

LEADER 00000cam a2200000 a 4500
001 UCF6579
003 CL-VaPUC
008 130509e20110000SP |||||||||||||||||grc|d
020 |a 9788475176369 
041 0 7 |a grc  |2 CL-VaPUC 
041 0 7 |a spa  |2 CL-VaPUC 
082 0 4 |a 885.09  |b LUQ  |2 21 
100 |a Luque, Aurora  |e autora  |9 568563 
245 1 4 |a Los dados de Eros: antología de poesía erótica griega 
250 |a 3a. ed 
300 |a 298 p 
942 |c BK 
945 |d 20130509 00:00:00  |a dcastane 
260 |a Madrid  |b Ediciones Hiperión  |c 2011 
650 7 |a POESIA GRIEGA  |2 CL-VaPUC  |9 265054 
650 0 |a Amor  |9 257817 
650 7 |a EROTISMO  |2 CL-VaPUC  |9 313188 
650 7 |a CELOS  |2 CL-VaPUC  |9 335132 
650 0 |a Emociones   |9 265224 
583 |a last modification  |c 20130509 12:56:00  |k Rodrigo Vera 
490 0 |a Poesía Hiperión, 386 
999 |c 351726  |d 351724 
952 |0 0  |1 0  |4 0  |6 885_090000000000000_LUQ_2011  |7 0  |8 A  |9 456026  |a BIBHIS  |b BIBHIS  |d 2019-11-22  |i 4969863  |o 885.09 LUQ 2011  |p 4969863  |r 2025-01-20  |w 2019-11-22  |y BK  |k HIS